Diccionario de autores iberoamericanos / (Record no. 143955)

MARC details
000 -LEADER
campo de control de longitud fija 00747nam a2200217 i 4500
001 - NÚMERO DE CONTROL
campo de control 143955
003 - IDENTIFICADOR DE NÚMERO DE CONTROL
campo de control ES-MaACL
005 - FECHA Y HORA DE LA ÚLTIMA TRANSACCIÓN
campo de control 20230906200920.0
007 - CAMPO FIJO DE DESCRIPCIÓN FÍSICA--INFORMACIÓN GENERAL
campo de control de longitud fija t|
008 - DATOS DE LONGITUD FIJA--INFORMACIÓN GENERAL
campo de control de longitud fija 070214s1982 sp r ||||1| spa d
020 ## - NÚMERO INTERNACIONAL ESTÁNDAR DEL LIBRO
Número Internacional Estándar del Libro 84-85290-29-1
080 ## - NÚMERO DE LA CLASIFICACIÓN DECIMAL UNIVERSAL
Número de la Clasificación Decimal Universal 821.134.2(8.03)"19":92(03)
245 00 - MENCIÓN DEL TÍTULO
Título Diccionario de autores iberoamericanos /
Mención de responsabilidad, etc. dirigido por Pedro Shimose.
260 ## - PUBLICACIÓN, DISTRIBUCIÓN, ETC.
Lugar de publicación, distribución, etc. Madrid :
Nombre del editor, distribuidor, etc. Instituto de Cooperación Iberoamericana,
Fecha de publicación, distribución, etc. 1982.
300 ## - DESCRIPCIÓN FÍSICA
Extensión 459 p. ;
Dimensiones 22 cm.
650 #4 - PUNTO DE ACCESO ADICIONAL DE MATERIA--TÉRMINO DE MATERIA
Término de materia o nombre geográfico como elemento de entrada Escritores hispanoamericanos-
Subdivisión cronológica S.XX-
Subdivisión general Biografías-
Subdivisión de forma Diccionarios.
9 (RLIN) 163588
700 1# - ENTRADA AGREGADA--NOMBRE PERSONAL
Nombre de persona Shimose, Pedro.
9 (RLIN) 106127
710 2# - ENTRADA AGREGADA--NOMBRE DE ENTIDAD CORPORATIVA
Nombre de entidad corporativa o nombre de jurisdicción como elemento de entrada Instituto de Cooperación Iberoamericana.
9 (RLIN) 4848
852 ## - LOCALIZACIÓN
Ubicación ES-MaACL
Número de control de estantería L-1997
Sublocalización o colección R.102860
852 ## - LOCALIZACIÓN
Ubicación ES-MaACL
Número de control de estantería L-2601
Sublocalización o colección R.102861
Holdings
Estatus retirado Estado de pérdida Estado de daño No para préstamo Colección Biblioteca de origen Biblioteca actual Ubicación en estantería Fecha de adquisición Fuente de adquisición Total de préstamos Signatura topográfica completa Código de barras Visto por última vez Precio de reemplazo Tipo de ítem Koha
        Colección de referencia Biblioteca del Ateneo de Madrid Biblioteca del Ateneo de Madrid Depósito 2 17/01/2008     L-2601 1149775 23/02/2023 23/02/2023 Libro impreso
        Colección de referencia Biblioteca del Ateneo de Madrid Biblioteca del Ateneo de Madrid Depósito 2 17/01/2008     L-1997 1149774 23/02/2023 23/02/2023 Libro impreso